000 00291nam a22001337a 4500
008 170922b xxu||||| |||| 00| 0 eng d
020 _a9781565841802
041 _aeng
080 _a37
100 _a46
101 _aEDU
245 _aOTHER PEOPLES CHILDREN
_cDELPIT.L
942 _2udc
_cBK
999 _c29042
_d29042